Arab countries capitals quiz - Statistics

General Stats
  • This quiz has been taken 1,959 times
  • The average score is 17 of 21
Answer Stats
Question Answer % Correct
What is the capital of Saudi Arabia? Riyadh
94%
What is the capital of the UAE? (United Arab Emirates) Abu Dhabi
93%
What is the capital of Iraq? Baghdad
93%
What is the capital of Egypt? Cairo
93%
What is the capital of Kuwait? Kuwait City
92%
What is the capital of Lebanon? Beirut
91%
What is the Capital of Syria? Damascus
90%
What is the capital of Qatar? Doha
88%
What is the capital of Algeria Algiers
87%
What is the capital of Tunisia Tunis
87%
What is the capital of Oman? Muscat
79%
What is the capital of Djibouti? Djibouti City
78%
What is the capital of Bahrain? Manama
78%
What is the Capital of Morocco Rabat
78%
What is the capital of Yemen? Sanaa
77%
What is the capital of Libya? Tripoli
76%
What is the capital of Sudan? Khartoum
73%
What is the capitals of Palestine? Jerusalem and Ramallah
71%
What is the capital of Somalia Mogadishu
67%
What is the Capital of Mauritania? Nouakchott
55%
What is the capital of the Comoros? Moroni
52%
No matching quizzes found
Score Distribution
Percent of People with Each Score
Percentile by Number Answered
Your Score History
You have not taken this quiz